000 004920000a22001810004500
003 MACL
005 20150710154748.0
008 150710b xxu||||| |||| 00| 0 eng d
040 _aMACL
_cMACL
041 _aEnglish
082 _a320/MIC
100 _aMichelutti, Lucia
_91653
245 _aThe Vernacularisation of Democracy
_bPolitics Caste and Religion in India
260 _bRoutledge
_c2008
_aNew Delhi
350 _a675
650 _aPolitical Science
_988
942 _cBK
_k320/MIC
_2ddc
999 _c40972
_d40972